Молодёжный туризм как сегмент туристического рынка; Актуальные проблемы гуманитарных наук

Bibliografski detalji
Parent link:Актуальные проблемы гуманитарных наук.— 2008.— С. 84-86
Glavni autor: Замятина О. Н.
Jezik:ruski
Izdano: 2008
Serija:Социально-культурный сервис и туризм
Teme:
Format: Poglavlje knjige
KOHA link:https://koha.lib.tpu.ru/cgi-bin/koha/opac-detail.pl?biblionumber=228726

MARC

LEADER 00000naa2a2200000 4500
001 228726
005 20231031201646.0
035 |a (RuTPU)RU\TPU\book\249211 
035 |a RU\TPU\book\201394 
090 |a 228726 
100 |a 20121221d2008 k y0rusy50 ca 
101 0 |a rus 
102 |a RU 
200 1 |a Молодёжный туризм как сегмент туристического рынка  |f О. Н. Замятина 
225 1 |a Социально-культурный сервис и туризм 
320 |a Библиогр.: 1 назв. 
463 0 |0 (RuTPU)RU\TPU\book\194420  |t Актуальные проблемы гуманитарных наук  |o сборник научных трудов, апрель 2008 г., Томск  |f Томский политехнический университет (ТПУ)  |v С. 84-86  |d 2008  |p 562 с. 
610 1 |a туризм 
610 1 |a молодёжь 
610 1 |a туристический рынок 
610 1 |a труды учёных ТПУ 
700 1 |a Замятина  |b О. Н. 
801 1 |a RU  |b 63413507  |c 20101012 
801 2 |a RU  |b 63413507  |c 20121221  |g RCR 
942 |c BK